Snem nemeckých archivárov v Augsburgu

Bibliographic Details
Main Author: Spiritza, J. (Author)
Format: Article
Language:Slovak

MARC

LEADER 00000nab a2200000ua 4500
001 vtls010835322
003 SK-MaSNL
005 20260303140121.0
008 230218s1993 xo |||||||||||||||||slo|
035 |a (urnnbn)urn:nbn:sk:snk:ar-a06q98 
035 |a urn:nbn:sk:snk-ab5zb5 
035 |a (uuid)4810ec49-ea05-43e0-a213-9e7dc14351d6 
040 |a SNKBUCL  |b slo  |c SNKBUCL  |e AACR2 
041 0 |a slo 
044 |a xo  |c SK 
100 1 |a Spiritza, J.  |4 aut  |9 726190 
245 1 0 |a Snem nemeckých archivárov v Augsburgu  |c J. Spiritza 
773 0 |t Fórum archivárov  |g Roč. 4, č. 8-9 (1993), s. [1]-4 
954 |a odborná, vedecká literatúra pôvodná (slovenská)  |2 lita 
958 |a OND 
958 |a EUIPO 
958 |a article5 
999 |c 1969639  |d 1971569